[Event "83rd ch-BLR 2017"]
[Site "Minsk BLR"]
[Date "2017.01.10"]
[Round "1.1"]
[White "Azarov, Sergei"]
[Black "Zhigalko, Andrey"]
[Result "1/2-1/2"]
[WhiteTitle "GM"]
[BlackTitle "GM"]
[WhiteElo "2594"]
[BlackElo "2599"]
[WhiteFideId "13501470"]
[BlackFideId "13502247"]
[EventDate "2017.01.10"]

1. e4 c5 2. Nf3 d6 3. d4 cxd4 4. Nxd4 Nf6 5. Nc3 a6 6. Bg5 e6 7. f4 Qb6 8. Qd2
Qxb2 9. Rb1 Qa3 10. f5 Nc6 11. fxe6 fxe6 12. Nxc6 bxc6 13. Be2 Be7 14. e5 dxe5
15. Bxf6 Bxf6 16. Bh5+ g6 17. Ne4 O-O 18. O-O Bg7 19. Rxf8+ Qxf8 20. Bg4 Qe7 21.
c4 c5 22. h3 Kh8 23. Qa5 Bh6 24. Rb3 Bf8 25. Qb6 Qa7 26. Bf3 Qxb6 27. Rxb6 Ra7
28. Rb8 Rc7 29. Nf6 Rf7 30. Ne4 Rc7 31. Nf6 Rf7 32. Ne4 Rc7 1/2-1/2

[Event "83rd ch-BLR 2017"]
[Site "Minsk BLR"]
[Date "2017.01.10"]
[Round "1.2"]
[White "Badelka, Olga"]
[Black "Stupak, Kirill"]
[Result "1/2-1/2"]
[BlackTitle "GM"]
[WhiteElo "2293"]
[BlackElo "2562"]
[WhiteFideId "13509926"]
[BlackFideId "13503758"]
[EventDate "2017.01.10"]

1. d4 Nf6 2. c4 e6 3. Nc3 Bb4 4. Qc2 d5 5. cxd5 exd5 6. Bg5 c5 7. dxc5 h6 8. Bh4
Be6 9. e3 Nbd7 10. Nf3 Qa5 11. Nd4 Ne4 12. Bd3 Ndxc5 13. Bb5+ Bd7 14. Bxd7+ Nxd7
15. O-O Bxc3 16. bxc3 Rc8 17. Qb2 Qb6 18. Qxb6 Nxb6 19. a4 Nxc3 20. a5 Nc4 21.
a6 b5 22. f3 Kd7 23. e4 dxe4 24. fxe4 f6 25. Be1 b4 26. Bxc3 bxc3 27. Nb5 c2 28.
Rfc1 Nd6 29. Nxd6 Kxd6 30. Ra2 Rhe8 31. Raxc2 Rxc2 32. Rxc2 Rxe4 33. Rb2 g5 34.
Rb7 Re7 35. Rb8 h5 36. h4 gxh4 37. Kf2 Kc6 38. Rb4 Rd7 39. Ke2 Rg7 40. Kf2 Rc7
41. Rxh4 Kb5 42. Rxh5+ Kxa6 43. Ke3 Kb6 44. g4 Rc5 45. Kd2 Kc6 46. Rh6 Rd5+ 47.
Kc3 Rd6 48. Rh5 Kd7 49. g5 f5 50. g6 Rc6+ 51. Kb3 Ke6 52. g7 Kf7 53. Rxf5+ Kxg7
54. Ra5 1/2-1/2

[Event "83rd ch-BLR 2017"]
[Site "Minsk BLR"]
[Date "2017.01.10"]
[Round "1.3"]
[White "Nikitenko, Mihail"]
[Black "Kovalev, Vladislav"]
[Result "0-1"]
[BlackTitle "GM"]
[WhiteElo "2395"]
[BlackElo "2595"]
[WhiteFideId "13506862"]
[BlackFideId "13504398"]
[EventDate "2017.01.10"]

1. e4 e5 2. Nf3 Nc6 3. Bb5 a6 4. Ba4 Nf6 5. d3 b5 6. Bb3 Bc5 7. Nc3 d6 8. Nd5 h6
9. c3 Rb8 10. O-O O-O 11. d4 Ba7 12. dxe5 Nxe5 13. Nxe5 dxe5 14. Be3 Bxe3 15.
fxe3 Nxd5 16. Qxd5 Be6 17. Qxe5 Bxb3 18. axb3 Qd2 19. Rf3 Qxb2 20. Raf1 Qxb3 21.
Rg3 f6 22. Qxc7 Qf7 23. Qf4 Kh8 24. Qd6 Qb7 25. e5 Rfd8 26. Qb4 fxe5 27. Rgf3
Qc6 28. e4 Qd6 29. Rf7 Qxb4 30. cxb4 Rd4 31. Ra7 Rb6 32. h4 Rxe4 33. h5 Rf6 34.
Rxf6 gxf6 35. Rxa6 Kg7 36. Ra7+ Kg8 37. Ra8+ Kg7 38. Ra7+ Kg8 39. Ra8+ Kf7 40.
Ra7+ Ke6 41. Rh7 Rxb4 42. Rxh6 Kf7 43. Rh7+ Kg8 44. Rb7 Rb1+ 45. Kh2 b4 46. Rb8+
Kg7 47. Rb7+ Kh6 48. g4 b3 49. Rf7 Rf1 50. Rb7 Rf3 51. Kg2 Rc3 52. Rf7 Kg5 53.
Rg7+ Kf4 54. h6 Rc2+ 55. Kh3 Rc1 0-1

[Event "83rd ch-BLR 2017"]
[Site "Minsk BLR"]
[Date "2017.01.10"]
[Round "1.4"]
[White "Zarubitski, Viachaslau"]
[Black "Kocheev, Aleksandr"]
[Result "1-0"]
[WhiteTitle "FM"]
[WhiteElo "2321"]
[BlackElo "2319"]
[WhiteFideId "13509373"]
[BlackFideId "13507842"]
[EventDate "2017.01.10"]

1. e4 Nf6 2. e5 Nd5 3. d4 d6 4. Nf3 Nb6 5. Be2 g6 6. O-O Bg7 7. Re1 O-O 8. exd6
cxd6 9. Nbd2 Nc6 10. c3 e5 11. dxe5 dxe5 12. Ne4 Be6 13. Nc5 Bd5 14. Bg5 Qc8 15.
c4 Bxf3 16. Bxf3 Nd4 17. Nxb7 Qf5 18. Be7 Nxf3+ 19. Qxf3 Qxf3 20. gxf3 Rfe8 21.
Bc5 Nxc4 22. Nd6 Nxd6 23. Bxd6 Rad8 24. Rad1 Rd7 25. Bc5 Red8 26. Rxd7 Rxd7 27.
f4 Rd2 28. fxe5 Rxb2 29. a3 Rb5 30. Bd6 Rd5 31. Kg2 Bf8 32. Bxf8 Kxf8 33. Re3
Ke7 34. Rc3 Ke6 35. f4 Rd2+ 36. Kg3 Ra2 37. Rc6+ Kd7 38. Ra6 h5 39. Rxa7+ Ke6
40. Ra6+ Ke7 41. h3 Ra1 42. Kh4 Kf8 43. Ra7 Re1 44. a4 Kg7 45. a5 Kg8 46. a6 Ra1
47. Kg5 Ra4 48. e6 Ra5+ 49. Kh6 fxe6 50. Kxg6 Kf8 51. Rf7+ 1-0

[Event "83rd ch-BLR 2017"]
[Site "Minsk BLR"]
[Date "2017.01.10"]
[Round "1.5"]
[White "Fedorov, Alexei"]
[Black "Zhigalko, Sergei"]
[Result "1/2-1/2"]
[WhiteTitle "GM"]
[BlackTitle "GM"]
[WhiteElo "2576"]
[BlackElo "2662"]
[WhiteFideId "13500465"]
[BlackFideId "13502956"]
[EventDate "2017.01.10"]

1. e4 c5 2. Nf3 d6 3. d4 cxd4 4. Nxd4 Nf6 5. f3 e5 6. Nb3 Be7 7. c4 a5 8. Be3 a4
9. Nc1 Nc6 10. Nc3 Qa5 11. Qd2 O-O 12. Rb1 Be6 13. b4 axb3 14. Nxb3 Qa3 15. Be2
Rfc8 16. Rb2 Nb4 1/2-1/2

[Event "83rd ch-BLR 2017"]
[Site "Minsk BLR"]
[Date "2017.01.10"]
[Round "1.6"]
[White "Filipets, Egor"]
[Black "Aleksandrov, Aleksej"]
[Result "0-1"]
[BlackTitle "GM"]
[WhiteElo "2316"]
[BlackElo "2565"]
[WhiteFideId "13503928"]
[BlackFideId "13500139"]
[EventDate "2017.01.10"]

1. d4 Nf6 2. Bg5 c5 3. d5 Qb6 4. Nc3 Qxb2 5. Bd2 Qb6 6. Rb1 Qd8 7. e4 d6 8. f4
a6 9. a4 g6 10. Bc4 Bg7 11. Nf3 O-O 12. O-O Nbd7 13. Ba2 Ne8 14. Bc4 Nc7 15. Qe2
b5 16. axb5 Nb6 17. Bd3 axb5 18. Bxb5 Nxb5 19. Nxb5 Ba6 20. Ba5 Rb8 21. c4 Qd7
22. Bxb6 Rxb6 23. e5 Rfb8 24. Nc3 Rxb1 25. Rxb1 Rxb1+ 26. Nxb1 Qf5 27. Qa2 Bxc4
28. Qa8+ Bf8 29. Nbd2 Qxf4 30. Kf2 Bd3 31. g3 Qb4 32. e6 fxe6 33. dxe6 Bf5 34.
Qd5 Qg4 0-1

[Event "83rd ch-BLR 2017"]
[Site "Minsk BLR"]
[Date "2017.01.11"]
[Round "2.1"]
[White "Zhigalko, Andrey"]
[Black "Aleksandrov, Aleksej"]
[Result "0-1"]
[WhiteTitle "GM"]
[BlackTitle "GM"]
[WhiteElo "2599"]
[BlackElo "2565"]
[WhiteFideId "13502247"]
[BlackFideId "13500139"]
[EventDate "2017.01.10"]

1. c4 e6 2. Nc3 d5 3. d4 Nf6 4. Bg5 Nbd7 5. cxd5 exd5 6. e3 c6 7. Bd3 Be7 8. h3
O-O 9. Bf4 a6 10. Nf3 c5 11. Ne5 c4 12. Bc2 Bb4 13. O-O Qa5 14. Ne2 Re8 15. a3
Bf8 16. Nc3 Qb6 17. e4 dxe4 18. Nxc4 Qe6 19. Ne5 Qf5 20. Qd2 Bd6 21. Rfe1 Nxe5
22. dxe5 Bxe5 23. Nxe4 g6 24. Bxe5 Rxe5 25. Nd6 Rd5 26. Qc3 Qd7 27. Nc4 Qc6 28.
Bb3 b5 29. Nb6 Rc5 30. Qf3 Qxf3 31. gxf3 Rb8 32. Nxc8 Rbxc8 33. Rad1 Kf8 34. Rd6
R5c6 35. Rxc6 Rxc6 36. Kf1 Nh5 37. Re4 Rc1+ 38. Re1 Rxe1+ 39. Kxe1 Nf4 40. Kd2
Ke7 41. Ke3 Nxh3 42. f4 g5 43. fxg5 Nxg5 44. Bc2 h6 45. b4 Ne6 46. Be4 Nd8 47.
Kf4 Kf6 48. Bd5 h5 49. Bf3 Ne6+ 50. Ke3 Kg5 51. Bb7 Nc7 52. Kf3 Ne8 53. Bxa6 Nd6
54. Kg3 h4+ 55. Kh3 f6 56. f4+ Kxf4 57. Kxh4 f5 58. Kh5 Ke3 59. Kg5 f4 60. Kf6
f3 61. Ke6 f2 62. Kxd6 f1=Q 63. Kc5 Qc4+ 64. Kb6 Qd3 65. a4 bxa4 66. Bxd3 Kxd3
67. b5 a3 0-1

[Event "83rd ch-BLR 2017"]
[Site "Minsk BLR"]
[Date "2017.01.11"]
[Round "2.2"]
[White "Zhigalko, Sergei"]
[Black "Filipets, Egor"]
[Result "1-0"]
[WhiteTitle "GM"]
[WhiteElo "2662"]
[BlackElo "2316"]
[WhiteFideId "13502956"]
[BlackFideId "13503928"]
[EventDate "2017.01.10"]

1. e4 d5 2. exd5 Qxd5 3. Nc3 Qa5 4. d4 Nf6 5. Nf3 Nc6 6. Bb5 Ne4 7. a4 a6 8.
Bxc6+ bxc6 9. O-O Nxc3 10. bxc3 Bg4 11. Qd3 Bf5 12. Qe3 e6 13. c4 Bxc2 14. Ne5
Qb6 15. Ra2 Qb3 16. Rxc2 Qxc2 17. Qf3 O-O-O 18. Qxc6 Kb8 19. Qxa6 Rd6 20. Qb5+
Rb6 21. Nd7+ Kb7 22. Nxb6 c6 23. Qa5 1-0

[Event "83rd ch-BLR 2017"]
[Site "Minsk BLR"]
[Date "2017.01.11"]
[Round "2.3"]
[White "Kocheev, Aleksandr"]
[Black "Fedorov, Alexei"]
[Result "0-1"]
[BlackTitle "GM"]
[WhiteElo "2319"]
[BlackElo "2576"]
[WhiteFideId "13507842"]
[BlackFideId "13500465"]
[EventDate "2017.01.10"]

1. e4 c5 2. c3 Nf6 3. e5 Nd5 4. d4 cxd4 5. Nf3 e6 6. cxd4 d6 7. Bc4 Be7 8. O-O
O-O 9. Nbd2 b6 10. Re1 Bb7 11. a3 dxe5 12. dxe5 Nd7 13. Ne4 Qb8 14. Bd3 g6 15.
Ng3 Rd8 16. Bc4 Qc7 17. Qe2 Rac8 18. b3 b5 19. Bxd5 Bxd5 20. Nd4 a6 21. Bb2 Nc5
22. Qe3 Nxb3 23. Rad1 Na5 24. Qh6 Nc4 25. Bc1 Nxe5 26. Bf4 f6 27. Ne4 Qb7 28.
Ng5 fxg5 29. Bxe5 Bxa3 30. Qxg5 Rf8 31. Re3 Bc1 32. h4 Bxe3 33. fxe3 Qf7 34. Kh2
Rc4 35. h5 Ra4 36. Rc1 Ra2 37. Qh6 Bxg2 38. Nf5 Be4+ 0-1

[Event "83rd ch-BLR 2017"]
[Site "Minsk BLR"]
[Date "2017.01.11"]
[Round "2.4"]
[White "Kovalev, Vladislav"]
[Black "Zarubitski, Viachaslau"]
[Result "1-0"]
[WhiteTitle "GM"]
[BlackTitle "FM"]
[WhiteElo "2595"]
[BlackElo "2321"]
[WhiteFideId "13504398"]
[BlackFideId "13509373"]
[EventDate "2017.01.10"]

1. d4 d5 2. Bf4 Nf6 3. e3 Bf5 4. c4 c6 5. Nc3 e6 6. Rc1 Nbd7 7. Nf3 Be7 8. c5 b6
9. b4 bxc5 10. bxc5 Qa5 11. Qa4 Qxa4 12. Nxa4 Nh5 13. Bd6 Nhf6 14. Ba6 Bxd6 15.
cxd6 Ne4 16. Bb7 Rd8 17. Ne5 Nb8 18. Nxc6 Nxc6 19. Bxc6+ Kf8 20. d7 Ke7 21. f3
Nd6 22. Nc5 Rb8 23. e4 dxe4 24. fxe4 Rb6 25. exf5 Rxc6 26. fxe6 fxe6 27. O-O Nb5
28. Rf4 g5 29. Re4 Nc7 30. Rce1 Rb8 31. h4 h6 32. hxg5 hxg5 33. R1e3 Rb4 34. Kh2
Rd6 35. Rh3 Rdxd4 36. Rh7+ Kf6 37. d8=Q+ 1-0

[Event "83rd ch-BLR 2017"]
[Site "Minsk BLR"]
[Date "2017.01.11"]
[Round "2.5"]
[White "Stupak, Kirill"]
[Black "Nikitenko, Mihail"]
[Result "0-1"]
[WhiteTitle "GM"]
[WhiteElo "2562"]
[BlackElo "2395"]
[WhiteFideId "13503758"]
[BlackFideId "13506862"]
[EventDate "2017.01.10"]

1. d4 d5 2. Nf3 Nf6 3. c4 c6 4. Nc3 dxc4 5. a4 Bf5 6. Ne5 Nbd7 7. Nxc4 Qc7 8.
Qd2 g6 9. Qf4 Qxf4 10. Bxf4 Bg7 11. e3 Nh5 12. Bg5 h6 13. Bh4 g5 14. Be2 Nf4 15.
exf4 gxh4 16. Ne3 Bh7 17. Rd1 O-O-O 18. f5 Kb8 19. O-O Nb6 20. a5 Nc8 21. d5
cxd5 22. Ncxd5 a6 23. b4 Be5 24. b5 axb5 25. Bxb5 e6 26. Ng4 Rxd5 27. Rxd5 exd5
28. Nxe5 Nd6 29. Bd3 Bxf5 30. Bxf5 Nxf5 31. Re1 h3 32. g4 Nh4 33. Re3 Rc8 34.
Nd3 Rc4 35. f4 Ng2 36. Rf3 Rc3 37. Kf2 d4 38. g5 hxg5 39. fxg5 Ne3 40. Ne5 Rc2+
41. Kg3 Rg2+ 42. Kh4 Rxh2 43. Rxf7 Rg2 44. Kxh3 Rxg5 45. Re7 Rh5+ 46. Kg3 Nf5+
47. Kg4 Nxe7 48. Kxh5 Nc6 49. Nd3 Nxa5 50. Kg4 Kc7 51. Kf4 Kd6 52. Ke4 Nc6 53.
Nf4 Kc5 54. Kd3 Nb4+ 55. Kd2 Kc4 56. Ng6 Nc6 57. Nh4 Ne5 58. Nf5 b5 59. Nd6+ Kc5
60. Ne4+ Kd5 61. Nf6+ Kc4 62. Ne4 b4 63. Kc2 b3+ 64. Kb2 Kb4 65. Nf2 Nc4+ 66.
Kb1 Ka3 67. Nd3 b2 68. Kc2 Ka2 0-1

[Event "83rd ch-BLR 2017"]
[Site "Minsk BLR"]
[Date "2017.01.11"]
[Round "2.6"]
[White "Azarov, Sergei"]
[Black "Badelka, Olga"]
[Result "1-0"]
[WhiteTitle "GM"]
[WhiteElo "2594"]
[BlackElo "2293"]
[WhiteFideId "13501470"]
[BlackFideId "13509926"]
[EventDate "2017.01.10"]

1. e4 d5 2. exd5 Qxd5 3. Nc3 Qd6 4. d4 Nf6 5. Nf3 c6 6. Be3 Bf5 7. Nh4 Be6 8.
Bd3 g6 9. Nf3 Bg7 10. O-O Nbd7 11. Qd2 Nb6 12. Rfe1 O-O 13. Bf4 Qd8 14. h3 Re8
15. Rad1 Bc4 16. Be5 Rc8 17. Ne4 Bxd3 18. Qxd3 Nbd7 19. Nxf6+ Bxf6 20. Qa3 a6
21. c4 e6 22. Qe3 b5 23. Qh6 Nf8 24. Ng5 bxc4 25. Ne4 Bh8 26. Nd6 f6 27. Bg3 Qa5
28. Qe3 Qxa2 29. Qc3 Qb3 30. Ra1 f5 31. Be5 Bxe5 32. dxe5 Nd7 33. Nxe8 Rxe8 34.
Rxa6 Nc5 35. Qxb3 cxb3 36. Rxc6 Nd3 37. Re3 1-0

[Event "83rd ch-BLR 2017"]
[Site "Minsk BLR"]
[Date "2017.01.12"]
[Round "3.1"]
[White "Badelka, Olga"]
[Black "Zhigalko, Andrey"]
[Result "0-1"]
[BlackTitle "GM"]
[WhiteElo "2293"]
[BlackElo "2599"]
[WhiteFideId "13509926"]
[BlackFideId "13502247"]
[EventDate "2017.01.10"]

1. d4 Nf6 2. c4 g6 3. f3 e6 4. e4 d5 5. cxd5 exd5 6. e5 Nh5 7. Be3 Bb4+ 8. Nc3
O-O 9. Qb3 c5 10. O-O-O cxd4 11. Qxd5 Nc6 12. Qxd8 Rxd8 13. Bg5 Re8 14. Ne4 Rxe5
15. g4 f5 16. Bc4+ Be6 17. Bxe6+ Rxe6 18. gxh5 fxe4 19. fxe4 Rxe4 20. hxg6 hxg6
21. Nh3 Rf8 22. Rd3 Bd6 23. Rb3 b6 24. Kd1 Rf5 25. Bd2 Rg4 26. Re1 Kf7 27. Ng1
Ne5 28. Rh3 Rf2 29. Bc1 Bb4 0-1

[Event "83rd ch-BLR 2017"]
[Site "Minsk BLR"]
[Date "2017.01.12"]
[Round "3.2"]
[White "Nikitenko, Mihail"]
[Black "Azarov, Sergei"]
[Result "0-1"]
[BlackTitle "GM"]
[WhiteElo "2395"]
[BlackElo "2594"]
[WhiteFideId "13506862"]
[BlackFideId "13501470"]
[EventDate "2017.01.10"]

1. e4 e5 2. Nf3 Nc6 3. Bb5 a6 4. Ba4 Nf6 5. d3 b5 6. Bb3 Be7 7. O-O d6 8. c3 O-O
9. Nbd2 Na5 10. Bc2 c5 11. Re1 h6 12. h3 Re8 13. Nf1 Nc6 14. Ng3 Bf8 15. a4 b4
16. Bb3 Na5 17. Ba2 Rb8 18. d4 exd4 19. cxd4 c4 20. Bf4 Bd7 21. Rc1 c3 22. b3 g5
23. Nxg5 hxg5 24. Bxg5 Be7 25. Bb1 Nh7 26. Bxe7 Qxe7 27. e5 Qh4 28. Nh5 f5 29.
exf6 Rxe1+ 30. Qxe1 Qxh5 31. Qe7 Qf7 32. Bxh7+ Qxh7 33. Qxd6 Rf8 34. Qxb4 Nc6
35. Qd6 c2 36. b4 Bf5 37. Qxc6 Qh6 38. Re1 Qxf6 39. Qc4+ Kh8 40. d5 Bd3 41. Qc5
Bf5 42. b5 Rc8 43. Qe3 axb5 44. axb5 Qc3 45. Qh6+ Bh7 46. Rc1 Qg7 47. Qe3 Qf6
48. g3 Rd8 49. Qd2 Qe5 50. Qh6 Kg8 51. b6 Rd6 52. Qh4 Qxd5 53. Qg4+ Kf7 54. Qf4+
Rf6 55. Qc7+ Kg8 56. Re1 Be4 57. Qc8+ Kh7 58. Qc3 Rf7 59. h4 Qd3 60. Qc5 Qf3 61.
Kf1 Qd3+ 62. Kg1 Qf3 63. Kf1 Rd7 64. Qg5 Qh1+ 65. Ke2 Qf3+ 66. Kf1 Qh1+ 67. Ke2
Bf3+ 68. Ke3 Qxe1+ 69. Kxf3 Qd1+ 70. Kg2 Qd5+ 0-1

[Event "83rd ch-BLR 2017"]
[Site "Minsk BLR"]
[Date "2017.01.12"]
[Round "3.3"]
[White "Zarubitski, Viachaslau"]
[Black "Stupak, Kirill"]
[Result "0-1"]
[WhiteTitle "FM"]
[BlackTitle "GM"]
[WhiteElo "2321"]
[BlackElo "2562"]
[WhiteFideId "13509373"]
[BlackFideId "13503758"]
[EventDate "2017.01.10"]

1. e4 e6 2. d4 d5 3. Nc3 Bb4 4. e5 c5 5. a3 Bxc3+ 6. bxc3 Qa5 7. Bd2 Qa4 8. Qb1
c4 9. Ne2 Nc6 10. Ng3 Bd7 11. Be2 O-O-O 12. O-O Nge7 13. Nh5 Rhg8 14. Bg4 Rdf8
15. Re1 Nd8 16. Bg5 Nec6 17. Bh3 Qa5 18. Re3 h6 19. Bxd8 Nxd8 20. Qe1 Ba4 21.
Qc1 Kb8 22. Qb2 Be8 23. Bg4 f5 24. exf6 gxf6 25. Bf3 Qc7 26. Rae1 Rg5 27. Ng3
Bf7 28. Qc1 h5 29. h4 Rgg8 30. R3e2 Rh8 31. Nf1 Re8 32. g3 e5 33. dxe5 fxe5 34.
Bg2 Nc6 35. Rd1 Rd8 36. Red2 Qa5 37. Ne3 e4 38. Qb2 Be6 39. Rb1 Rh7 40. Qb5 Qxb5
41. Rxb5 Rhd7 42. Bf1 Kc7 43. Be2 d4 44. Nd1 Bg4 45. Bxc4 Re7 46. Be2 e3 47.
fxe3 dxe3 48. Rxd8 Bxe2 49. Rdd5 Bxb5 50. Nxe3 Rxe3 51. Rxb5 Rxg3+ 0-1

[Event "83rd ch-BLR 2017"]
[Site "Minsk BLR"]
[Date "2017.01.12"]
[Round "3.4"]
[White "Fedorov, Alexei"]
[Black "Kovalev, Vladislav"]
[Result "1/2-1/2"]
[WhiteTitle "GM"]
[BlackTitle "GM"]
[WhiteElo "2576"]
[BlackElo "2595"]
[WhiteFideId "13500465"]
[BlackFideId "13504398"]
[EventDate "2017.01.10"]

1. e4 e5 2. Nf3 Nc6 3. Bc4 Nf6 4. d3 Bc5 5. O-O d6 6. c3 a6 7. a4 h6 8. Na3 O-O
9. Nc2 Ba7 10. Be3 Ne7 1/2-1/2

[Event "83rd ch-BLR 2017"]
[Site "Minsk BLR"]
[Date "2017.01.12"]
[Round "3.6"]
[White "Aleksandrov, Aleksej"]
[Black "Zhigalko, Sergei"]
[Result "0-1"]
[WhiteTitle "GM"]
[BlackTitle "GM"]
[WhiteElo "2565"]
[BlackElo "2662"]
[WhiteFideId "13500139"]
[BlackFideId "13502956"]
[EventDate "2017.01.10"]

1. d4 Nf6 2. c4 e6 3. Nc3 Bb4 4. Qc2 O-O 5. a3 Bxc3+ 6. Qxc3 d6 7. Nf3 b6 8. g3
c5 9. Bg2 Bb7 10. O-O cxd4 11. Qxd4 Nc6 12. Qd3 Rc8 13. b4 Qe7 14. Bb2 Rfd8 15.
Qb3 h6 16. Rfd1 Rc7 17. Rac1 e5 18. Ne1 Qe6 19. Nc2 Ne7 20. Bxb7 Rxb7 21. Ne3
Rbd7 22. Qc3 Qh3 23. Qe1 Qe6 24. Qc3 h5 25. f3 Rc8 26. Qe1 a6 27. a4 b5 28. cxb5
Rxc1 29. Rxc1 axb5 30. a5 d5 31. Rc5 d4 32. Nd1 Rd5 33. Nf2 Rxc5 34. bxc5 Qa6
35. e3 Nc6 36. exd4 exd4 37. Nd3 b4 38. Nxb4 Qxa5 39. Nd3 Qb5 40. Qd2 Nd7 41.
Qc2 Nde5 42. Nxe5 Nxe5 43. Qf2 Qxc5 44. Kg2 Nc6 45. Qe2 Qd5 46. Qd3 f6 47. Qg6
Qd7 48. Qd3 Kf7 49. Qc4+ Kg6 50. h3 d3 51. Bc1 Ne5 52. Qe4+ Kf7 53. Bd2 Qb5 54.
f4 Qb2 55. Qd5+ Kg6 56. Qe4+ Kh6 57. Qb4 Qxb4 58. Bxb4 Nc4 59. Kf3 f5 60. Bc3
Kg6 61. Bb4 Kf7 62. Bc3 g6 63. Bd4 Ke6 64. Bg1 Kd5 65. Ba7 Kc6 66. Kf2 Kb5 67.
Ke1 Nd6 0-1

[Event "83rd ch-BLR 2017"]
[Site "Minsk BLR"]
[Date "2017.01.13"]
[Round "4.2"]
[White "Kocheev, Aleksandr"]
[Black "Aleksandrov, Aleksej"]
[Result "0-1"]
[BlackTitle "GM"]
[WhiteElo "2319"]
[BlackElo "2565"]
[WhiteFideId "13507842"]
[BlackFideId "13500139"]
[EventDate "2017.01.10"]

1. e4 c5 2. Nf3 e6 3. b3 Nf6 4. e5 Nd5 5. c4 Ne7 6. Bb2 Nbc6 7. Nc3 Ng6 8. Nb5
a6 9. Nd6+ Bxd6 10. exd6 e5 11. h4 Qf6 12. h5 Nf4 13. g3 Ne6 14. h6 g6 15. Qe2
O-O 16. Nxe5 Ned4 17. Nxc6 dxc6 18. Bxd4 Qxd4 19. O-O-O Qa1+ 20. Kc2 Qxa2+ 21.
Kc3 b5 22. cxb5 axb5 0-1

[Event "83rd ch-BLR 2017"]
[Site "Minsk BLR"]
[Date "2017.01.13"]
[Round "4.3"]
[White "Kovalev, Vladislav"]
[Black "Filipets, Egor"]
[Result "1/2-1/2"]
[WhiteTitle "GM"]
[WhiteElo "2595"]
[BlackElo "2316"]
[WhiteFideId "13504398"]
[BlackFideId "13503928"]
[EventDate "2017.01.10"]

1. e4 d6 2. d4 Nf6 3. Nc3 g6 4. Bg5 Bg7 5. Qd2 h6 6. Bf4 c6 7. O-O-O b5 8. f3 b4
9. Na4 Qa5 10. b3 Ba6 11. Nh3 Bb5 12. a3 Na6 13. axb4 Nxb4 14. Kb2 g5 15. Be3 g4
16. Nf2 Bxa4 17. Ra1 Rb8 18. Kc1 c5 19. Rxa4 Na2+ 20. Kd1 Nc3+ 21. Ke1 Qxa4 22.
bxa4 Rb1+ 23. Nd1 Rxd1+ 24. Qxd1 Nxd1 25. Kxd1 cxd4 26. Bxd4 O-O 27. Bb5 Ra8 28.
Ke2 a6 29. Bd3 Nd7 30. Be3 Nc5 31. fxg4 Nxa4 32. g5 Nc3+ 33. Kd2 h5 34. Rf1 a5
35. Bc4 e6 36. g6 Nxe4+ 37. Kd3 d5 38. gxf7+ Kf8 39. Ba2 Nf6 40. Rb1 Kxf7 41.
Rb7+ Kg6 42. c4 dxc4+ 43. Bxc4 1/2-1/2

[Event "83rd ch-BLR 2017"]
[Site "Minsk BLR"]
[Date "2017.01.13"]
[Round "4.4"]
[White "Stupak, Kirill"]
[Black "Fedorov, Alexei"]
[Result "1-0"]
[WhiteTitle "GM"]
[BlackTitle "GM"]
[WhiteElo "2562"]
[BlackElo "2576"]
[WhiteFideId "13503758"]
[BlackFideId "13500465"]
[EventDate "2017.01.10"]

1. d4 Nf6 2. g3 c5 3. d5 b5 4. c4 bxc4 5. Nc3 d6 6. Nf3 g6 7. Nd2 Bg7 8. Nxc4
O-O 9. Bg2 Ba6 10. Qa4 Qd7 11. Qxd7 Nbxd7 12. Na5 Rae8 13. Bf4 Nh5 14. Bd2 e6
15. dxe6 Rxe6 16. Be3 Ne5 17. Bd5 Ree8 18. h3 Rb8 19. O-O-O Rb6 20. Bb3 Nf6 21.
Bg5 c4 22. Bc2 Rfb8 23. Be3 Ne8 24. f4 Rxb2 25. fxe5 Bxe5 26. Bd4 Bxg3 27. Nc6
R8b7 28. a3 Bf4+ 29. e3 Bh6 30. Nb4 1-0

[Event "83rd ch-BLR 2017"]
[Site "Minsk BLR"]
[Date "2017.01.13"]
[Round "4.5"]
[White "Azarov, Sergei"]
[Black "Zarubitski, Viachaslau"]
[Result "1/2-1/2"]
[WhiteTitle "GM"]
[BlackTitle "FM"]
[WhiteElo "2594"]
[BlackElo "2321"]
[WhiteFideId "13501470"]
[BlackFideId "13509373"]
[EventDate "2017.01.10"]

1. e4 c5 2. Nf3 e6 3. d4 cxd4 4. Nxd4 Nc6 5. Nc3 Qc7 6. Be2 a6 7. O-O Nf6 8. Be3
Bb4 9. Na4 Be7 10. Nxc6 bxc6 11. Bb6 Qf4 12. Bd3 d5 13. Be3 Qc7 14. Nb6 Rb8 15.
Nxc8 Qxc8 16. exd5 Nxd5 17. Bd4 Bf6 18. Bxf6 Nxf6 19. b3 a5 20. Qe1 Qc7 21. f4
O-O 22. Qh4 Rfd8 23. g4 Qa7+ 24. Kh1 Qd4 25. Rae1 Qd5+ 26. Kg1 Qd4+ 27. Kh1 Qd5+
28. Kg1 Qd4+ 1/2-1/2

[Event "83rd ch-BLR 2017"]
[Site "Minsk BLR"]
[Date "2017.01.13"]
[Round "4.6"]
[White "Badelka, Olga"]
[Black "Nikitenko, Mihail"]
[Result "0-1"]
[WhiteElo "2293"]
[BlackElo "2395"]
[WhiteFideId "13509926"]
[BlackFideId "13506862"]
[EventDate "2017.01.10"]

1. c4 Nf6 2. d4 c6 3. Bf4 d5 4. e3 e6 5. Nc3 Be7 6. Nf3 O-O 7. h3 c5 8. dxc5 Qa5
9. Nd2 Qxc5 10. Nb3 Qb6 11. cxd5 Nxd5 12. Nxd5 exd5 13. Be2 Be6 14. O-O Nc6 15.
Rc1 Rac8 16. Qd2 Rfd8 17. Rfd1 Bf5 18. Bg4 Bxg4 19. hxg4 h6 20. Rc2 Nb4 21. Rxc8
Rxc8 22. Rc1 Rxc1+ 23. Nxc1 Qe6 24. a3 Nc6 25. b4 b6 26. Nb3 Qe4 27. b5 Nd8 28.
Nd4 Bxa3 29. Qa2 Bc5 30. f3 Qd3 31. Qxd5 Ne6 32. Qa8+ Kh7 33. Nxe6 Bxe3+ 34. Kh2
fxe6 35. Bxe3 Qxe3 36. Qe8 Qe5+ 37. Kh1 Qa1+ 38. Kh2 Qf6 39. Kh1 Qg6 40. Qd7 h5
41. gxh5 Qxh5+ 42. Kg1 Qc5+ 43. Kh1 Qe5 44. Kg1 Kg6 45. Kf2 Qc5+ 46. Kg3 Kf6 47.
Kh2 Qh5+ 48. Kg1 Qd5 49. Qe8 Qc5+ 50. Kh1 Qc1+ 51. Kh2 Qc7+ 52. Kh1 Ke5 53. Qa8
Kd6 54. Qf8+ Kd5 55. Qa3 Kd4 56. Qa1+ Kd5 57. Qd1+ Kc5 58. Qc1+ Kd6 59. Qf4+ e5
60. Qd2+ Ke7 61. Qg5+ Ke8 62. Qg6+ Qf7 63. Qe4 Qc7 64. Qg6+ Kd8 65. Qd3+ Kc8 66.
Qd5 a5 67. bxa6 Kb8 68. Qa2 Ka7 69. g3 b5 70. Kg2 Qc4 71. Qb2 Qc5 72. f4 Qc6+
73. Kf2 exf4 74. Qxg7+ Kxa6 75. gxf4 b4 76. Qb2 Kb5 77. Qe5+ Kc4 78. f5 b3 79.
Qf4+ Kd3 80. f6 b2 81. f7 Qc5+ 82. Kg2 b1=Q 83. Qf3+ Kd2 84. f8=Q Qcg1+ 85. Kh3
Qh7+ 0-1

[Event "83rd ch-BLR 2017"]
[Site "Minsk BLR"]
[Date "2017.01.14"]
[Round "5.1"]
[White "Nikitenko, Mihail"]
[Black "Zhigalko, Andrey"]
[Result "1/2-1/2"]
[BlackTitle "GM"]
[WhiteElo "2395"]
[BlackElo "2599"]
[WhiteFideId "13506862"]
[BlackFideId "13502247"]
[EventDate "2017.01.10"]

1. e4 c5 2. Nf3 e6 3. d4 cxd4 4. Nxd4 a6 5. c4 Nf6 6. Nc3 Qc7 7. a3 b6 8. Be2
Bb7 9. f3 Be7 10. Be3 O-O 11. Rc1 d6 12. O-O Nbd7 13. b4 Rac8 14. Nb3 Qb8 15.
Qd2 Rc6 16. Rfd1 Rfc8 17. Qe1 Ba8 18. Bd4 Ne8 19. f4 Bf6 20. f5 Ne5 21. Qf2 Qb7
22. Rf1 Qe7 23. fxe6 fxe6 24. Bxe5 Bxe5 25. Nd4 Bxd4 26. Qxd4 Nf6 27. e5 dxe5 1/2-1/2